|
|
|
|
| LEADER |
01727nam a22004695i 4500 |
| 001 |
33697 |
| 003 |
BD-DhAAL |
| 005 |
20230525145210.0 |
| 008 |
180814t20142014enk b 000 0 eng d |
| 010 |
|
|
|a 2014466892
|
| 015 |
|
|
|a GBB4C2337
|2 bnb
|
| 016 |
7 |
|
|a 016931208
|2 Uk
|
| 020 |
|
|
|a 9780143107521 (pbk.)
|
| 020 |
|
|
|a 0143107526 (pbk.)
|
| 035 |
|
|
|a (OCoLC)ocn894609138
|
| 040 |
|
|
|a UKMGB
|b eng
|c UKMGB
|e rda
|d OCLCO
|d SINLB
|d OCLCO
|d YDXCP
|d BTCTA
|d BDX
|d CDX
|d UAB
|d OCLCF
|d DLC
|d BD-DhAAL
|
| 041 |
1 |
|
|a eng
|
| 042 |
|
|
|a lccopycat
|
| 050 |
0 |
0 |
|a B2430.B253
|b P6313 2014
|
| 082 |
0 |
4 |
|a 114
|2 23
|
| 100 |
1 |
|
|a Bachelard, Gaston,
|d 1884-1962
|9 27948
|
| 240 |
1 |
0 |
|a Poétique de l'espace.
|l English
|
| 245 |
1 |
4 |
|a The poetics of space /
|c Gaston Bachelard ; translated by Maria Jolas ; foreword by Mark Z. Danielewski ; introduction by Richard Kearney.
|
| 250 |
|
|
|a New edition.
|
| 260 |
|
|
|a New York, New York :
|b Penguin Books,
|c c2014.
|
| 300 |
|
|
|a xxx, 268 pages ;
|c 20 cm.
|
| 440 |
|
|
|a Penguin classics
|9 27949
|
| 500 |
|
|
|a Translated from the French.
|
| 504 |
|
|
|a Includes bibliographical references.
|
| 526 |
|
|
|a ARC
|
| 541 |
|
|
|a Karim International
|e 33697
|
| 650 |
|
0 |
|a Space and time.
|9 27950
|
| 650 |
|
0 |
|a Imagination.
|9 27951
|
| 650 |
|
0 |
|a Poetry.
|9 27952
|
| 700 |
1 |
|
|a Jolas, Maria
|9 27953
|
| 700 |
1 |
|
|a Danielewski, Mark Z.
|9 27954
|
| 700 |
1 |
|
|a Kearney, Richard
|9 27955
|
| 830 |
|
0 |
|a Penguin classics.
|9 27949
|
| 852 |
|
|
|a Ayesha Abed Library
|c General Stacks
|
| 942 |
|
|
|2 ddc
|c BK
|
| 999 |
|
|
|c 39487
|d 39487
|
| 952 |
|
|
|0 0
|1 0
|2 ddc
|4 0
|6 114_000000000000000_BAC
|7 0
|9 64251
|a BRACUL
|b BRACUL
|c GEN
|d 2018-08-09
|e Karim International
|g 730.00
|l 3
|m 7
|o 114 BAC
|p 3010033697
|r 2025-05-14
|s 2025-05-04
|t 1
|v 730.00
|w 2018-08-09
|y BK
|